| 000 | 00512nam a2200181 i 4500 | ||
|---|---|---|---|
| 001 | bg | ||
| 100 | 1 | _aGrochal, Marian. | |
| 245 | 0 |
_aObsługa kotłów centralnego ogrzewania / _cMarian Grochal, Zygmunt Szczypiński. |
|
| 260 |
_aWarszawa : _bArkady, _c1974. |
||
| 300 |
_as. 274, nlb. 1 : _brys., tab. |
||
| 504 | _a[Zawiera bibliogr. s. 264-]. | ||
| 700 | 1 | _aSzczypiński, Zygmunt. | |
| 040 | _cBPK | ||
| 041 | _apol | ||
| 080 | _a621.18:697.3 | ||
| 942 | _cKS | ||
| 008 | s pl f |000 0 pol | ||
| 999 |
_c5779 _d5779 |
||
| 856 |
_uhttp://koha.tu.koszalin.pl/cgi-bin/koha/opac-detail.pl?biblionumber=5779 _yKatalog online BPK |
||